Dicionário Terminológico (Registo nº 940)

Detalhes MARC
000 -Etiqueta do registo
Cabeçalho 00740nam0a2200301 4500
005 - Identificador da versão
Campo de controlo 20240813121819.0
010 ## - Número internacional normalizado dos livros (ISBN)
Número (ISBN) 9789727706877
021 ## - Número do Depósito Legal
Código do país PT
Número E-4017-09
035 ## - Other System Control Numbers
System Control Number 0001005
System Control Number 0000988
100 ## - Dados gerais de processamento
Dados gerais de processamento 20091120d m y0pory5003 ba
102 ## - Pais de publicação ou produção
País de publicação Portugal
101 0# - Língua de publicação
Língua do texto, banda sonora, etc. Português
Língua do documento no original Português
106 ## - Campo de dados codificados: material textual
Dados codificados do material textual r
105 ## - Campo de dados codificados: livros
Dados codificados dos livros y z 001yy
215 ## - Descrição física 
Indicação específica da natureza do documento e extensão da espécie 342 p.
200 1# - Titulo e menção de responsabilidade
Título próprio Dicionário Terminológico
Informação de outro título Compreender A TLEBS
Primeira menção de responsabilidade Isabel Casanova
205 ## - Menção da edição
Menção da edição 1ª ed.
210 ## - Publicação, Distribuição, etc. 
Lugar da edição, distribuição, etc. Lisboa
Nome do editor, distribuidor, etc. Plátano Editora
Data da publicação, distribuição, etc. 2009
304 ## - Notas relativas a título e menção de responsabilidade 
Texto da nota Tít. orig.:
606 ## - Nome comum usado como assunto
Número de registo de entrada de autoridade 0001242
Palavra de ordem Língua Portuguesa
675 ## - Classificação Decimal Universal (CDU)
Notação 811
700 #1 - Nome de autor-pessoa física (responsabilidade principal)
Número de registo de entrada de autoridade 0001244
Palavra de ordem Casanova
Outra parte do nome não tomada para palavra de ordem Isabel
942 ## - Elementos de entrada adicionados (Koha)
Tipo de item no Koha Livro
Exemplares
Situação do levantamento Origin of item (home branch) (coded) Biblioteca de empréstimo Código de barras Cota Circulation type (not for loan) Tipo de documento Nota do exemplar Damaged status
  Biblioteca Escolar Eng. Nuno Mergulhão Biblioteca Escolar Eng. Nuno Mergulhão BENM1681 81 CAS   Livro Sem mensagem